000 00808nas a2200265 4500
001 BR2012000006
003 BR-BrBNA
005 20231205115940.0
007 ta
008 230509b bl.|||p| |||| 00| 00por d
040 _aBR-BrBNA
_bpor
_cBiblioteca Nacional de Agricultura
041 _a(Pt)
072 _aH20
100 1 _aCezare, D.G. de
100 1 _aSchons, J.
100 1 _aLau, D.
245 1 _aAnálise da resistência/tolerância da cultivar de trigo BRS timbaúva ao Barley yellow dwarf virus - PAV
650 _aTRIGO
650 _aVIRUS
650 _aAFÍDEO
650 _aVARIEDADE RESISTENTE
773 0 _tTropical Plant Pathology (Brazil)
_xISSN 1982-5676
_g(Jul-Aug 2011), v. 36(4) p. 249-255
_wBR2012000006
909 _a202311
_bLúcia
_c55
_dLúcia Elande
942 _2AGRIS
_n0
_cANA
999 _c216427
_d216427